Religion Quiz

Random Religion or Verse Quiz

God's creation (NIV) - Part 1 Quiz Stats

 Plays Quiz not verified by Sporcle

Challenge
Share
Tweet
Embed
Score 0/253 Timer 10:00
0 Plays Today
Hint Answer % Correct
the
100%
the
100%
and
100%
the
100%
the
100%
and
100%
the
100%
the
100%
and
100%
the
100%
the
100%
Genesis 1:3 - Creation of lightAnd
100%
and
100%
the
100%
and
100%
the
100%
the
100%
the
100%
and
100%
the
100%
And
100%
and
100%
the
100%
Genesis 1:6 - Creation of the skyAnd
100%
the
100%
the
100%
and
100%
the
100%
the
100%
the
100%
And
100%
the
100%
And
100%
and
100%
the
100%
Genesis 1:9 - gathering of water and dry groundAnd
100%
the
100%
the
100%
and
100%
And
100%
the
100%
and
100%
the
100%
And
100%
the
100%
and
100%
the
100%
And
100%
Genesis 1:12The
100%
and
100%
And
100%
and
100%
the
100%
And
100%
Genesis 1:1 - The BeginningIn
78.9%
God
78.9%
God
78.9%
God
78.9%
Genesis 1:4 - Separation from darknessGod
78.9%
Genesis 1:5 - Day OneGod
78.9%
God
78.9%
an
78.9%
God
78.9%
Genesis 1:8 - Day TwoGod
78.9%
God
78.9%
Genesis 1:10 - God names the land and seasGod
78.9%
God
78.9%
God
78.9%
in
78.9%
in
78.9%
God
78.9%
be
57.9%
he
57.9%
he
57.9%
be
57.9%
be
57.9%
he
57.9%
beginning
52.6%
created
52.6%
earth
52.6%
earth
52.6%
was
52.6%
was
52.6%
of
52.6%
of
52.6%
Hint Answer % Correct
was
52.6%
was
52.6%
was
52.6%
was
52.6%
was
52.6%
was
52.6%
was
52.6%
was
52.6%
was
52.6%
was
52.6%
was
52.6%
was
52.6%
was
52.6%
was
52.6%
there
47.4%
there
47.4%
there
47.4%
there
47.4%
there
47.4%
to
47.4%
there
47.4%
there
47.4%
to
47.4%
to
47.4%
to
47.4%
to
47.4%
Genesis 1:13 - Day Threethere
47.4%
there
47.4%
light
42.1%
light
42.1%
light
42.1%
light
42.1%
light
42.1%
water
42.1%
water
42.1%
Genesis 1:7 - Separation from groundwater (Oceans, Seas, Rivers, etc...)So
42.1%
water
42.1%
water
42.1%
so
42.1%
water
42.1%
so
42.1%
so
42.1%
darkness
36.8%
said
36.8%
from
36.8%
darkness
36.8%
darkness
36.8%
said
36.8%
from
36.8%
from
36.8%
it
36.8%
it
36.8%
sky
36.8%
said
36.8%
sky
36.8%
it
36.8%
it
36.8%
said
36.8%
it
36.8%
it
36.8%
it
36.8%
it
36.8%
heavens
31.6%
waters
31.6%
Let
31.6%
that
31.6%
day
31.6%
day
31.6%
Let
31.6%
waters
31.6%
day
31.6%
let
31.6%
let
31.6%
land
31.6%
waters
31.6%
that
31.6%
Let
31.6%
land
31.6%
on
31.6%
land
31.6%
that
31.6%
land
31.6%
that
31.6%
day
31.6%
Spirit
26.3%
Hint Answer % Correct
saw
26.3%
good
26.3%
night
26.3%
morning
26.3%
first
26.3%
separate
26.3%
made
26.3%
morning
26.3%
second
26.3%
saw
26.3%
good
26.3%
Genesis 1:11 - Creation of plants and treesThen
26.3%
saw
26.3%
good
26.3%
morning
26.3%
over
21.1%
over
21.1%
called
21.1%
called
21.1%
evening
21.1%
called
21.1%
evening
21.1%
dry
21.1%
called
21.1%
dry
21.1%
called
21.1%
seas
21.1%
plants
21.1%
trees
21.1%
with
21.1%
plants
21.1%
trees
21.1%
with
21.1%
evening
21.1%
third
21.1%
surface
15.8%
deep
15.8%
hovering
15.8%
separated
15.8%
between
15.8%
separated
15.8%
above
15.8%
ground
15.8%
ground
15.8%
fruit
15.8%
their
15.8%
their
15.8%
fruit
15.8%
their
15.8%
formless
10.5%
empty
10.5%
expanse
10.5%
expanse
10.5%
under
10.5%
expanse
10.5%
expanse
10.5%
under
10.5%
one
10.5%
produce
10.5%
bear
10.5%
Genesis 1:2 - state of the earthNow
5.3%
vegetation:
5.3%
kinds
5.3%
vegetation:
5.3%
kinds
5.3%
kinds
5.3%
gathered
0%
place
0%
appear
0%
gathered
0%
seed
0%
bearing
0%
seed
0%
according
0%
various
0%
produced
0%
bearing
0%
seed
0%
according
0%
bearing
0%
seed
0%
according
0%
various
0%

You're not logged in!

Compare scores with friends on all Sporcle quizzes.
OR
Log In

You Might Also Like...

Show Comments

Extras

Created Dec 6, 2015ReportNominate
Tags:Verse Quiz, creation, god, niv, recite

Top Quizzes Today


Score Distribution

Your Account Isn't Verified!

In order to create a playlist on Sporcle, you need to verify the email address you used during registration. Go to your Sporcle Settings to finish the process.

Report this User

Report this user for behavior that violates our Community Guidelines.

Details: